|
|
|
|
| LEADER |
00917nab a2200265 i 4500 |
| 001 |
publ25995 |
| 005 |
20230105094733.0 |
| 008 |
230105s2022 hu o 0|| Angol d |
| 022 |
|
|
|a 1616-301X
|
| 024 |
7 |
|
|a 10.1002/adfm.202206645
|2 doi
|
| 024 |
7 |
|
|a 33098462
|2 mtmt
|
| 040 |
|
|
|a SZTE Publicatio Repozitórium
|b hun
|
| 041 |
|
|
|a Angol
|
| 100 |
1 |
|
|a Hunyadi Mátyás
|
| 245 |
1 |
0 |
|a Scintillator of Polycrystalline Perovskites for High‐Sensitivity Detection of Charged‐Particle Radiations
|h [elektronikus dokumentum] /
|c Hunyadi Mátyás
|
| 260 |
|
|
|c 2022
|
| 300 |
|
|
|a 9
|
| 490 |
0 |
|
|a Advanced Functional Materials
|v 32 No. 48
|
| 650 |
|
4 |
|a Kémiai tudományok
|
| 700 |
0 |
1 |
|a Samu Gergely Ferenc
|e aut
|
| 700 |
0 |
1 |
|a Csige Lóránt
|e aut
|
| 700 |
0 |
1 |
|a Csík Attila
|e aut
|
| 700 |
0 |
1 |
|a Buga Csaba
|e aut
|
| 700 |
0 |
1 |
|a Janáky Csaba
|e aut
|
| 856 |
4 |
0 |
|u http://publicatio.bibl.u-szeged.hu/25995/2/33098462.pdf
|z Dokumentum-elérés
|